000 01679cam a22004094i 4500
003 PE-LiUPU
005 20250731184114.0
008 150706s2010 pe r 000 0 spa d
035 _a(Sirsi) a49384
040 _aPE-LiUPU
_bspa
_cPE-LiUPU
_erda
049 _aPRUA
082 0 4 _a869.56018
_bN55
_221
100 1 _aNieto Miranda, Luis,
_eautor.
245 1 0 _aAntología mínima /
_cLuis Nieto Miranda.
264 1 _aCusco :
_bUniversidad Andina del Cusco,
_c2010.
300 _a100 páginas ;
_c24 cm.
336 _atext
_2rdacontent
337 _aunmediated
_2rdamedia
338 _avolume
_2rdacarrier
505 0 _aCantos de amor -- Cantos de la batalla -- Cantos al terruño (poesía chola).
526 _aP145
526 _aP127
526 _aP97
526 _aP14
526 _aP07
650 1 4 _aPoesía peruana.
651 4 _aCusco (Perú : Departamento)
_vPoesías.
910 _agl
_bjv
_cng
_d20110217
942 _2ddc
_cBOOK
949 _a869.56018 N55
_wDEWEY
_c1
_i62619
_lCCODEBUL1
_mBUL
_p10.00
_r0
_sY
_tLIBRO
_u2015-07-06
_xBIBLIOTECA
_zUNKNOWN
_o.STAFF. Colección General
994 _aC0
_bPEPRU
596 _a1
999 _a869.56018 N55
_wDEWEY
_c51725
_i62619
_f2021-11-9
_g5
_lCCODEBUL1
_mBUL
_p10.00
_r0
_sY
_tBOOK
_u2015-7-6
_xEDUCACION
_zUNKNOWN
_0COMPRA
_o.STAFF. Colección General
_d51725
999 _a869.56018 N55
_wDEWEY
_c2
_i75047
_f2021-11-9
_g5
_lCCODEBUL1
_mBUL
_p10.00
_r0
_sY
_tBOOK
_u2016-10-17
_xEDUCACION
_PP14
_0DONACION
_o.STAFF. Colección Ciencias Empresariales
980 _81
_gALBERTO SANCHEZ Responsable de Automatización